NCAA Institutions in Maine - Statistics

General Stats
  • This quiz has been taken 25 times
  • The average score is 8 of 12
Answer Stats
Conference School Team Name % Correct
Division I America East Maine Black Bears
95%
Division III NESCAC Bowdoin Polar Bears
74%
Division III Little East Southern Maine Huskies
74%
Division III NESCAC Bates Bobcats
68%
Division III NESCAC Colby Mules
68%
Division III CNE New England Nor'easters
68%
Division III North Atlantic Husson Eagles
63%
Division III North Atlantic Maine-Farmington Beavers
58%
Division III North Atlantic Maine Maritime Academy Mariners
58%
Division III North Atlantic Maine-Presque Isle Owls
58%
Division III Great Northeast Saint Joseph's Monks
42%
Division III North Atlantic Thomas Terriers
37%
No matching quizzes found
Score Distribution
Percent of People with Each Score
Percentile by Number Answered
Your Score History
You have not taken this quiz